تاريخ الثقات / (Record no. 50347)
[ view plain ]
| 000 -الفاتح | |
|---|---|
| حقل البيانات ثابتة الطول | 00574nam a2200169Ia 4500 |
| 008 - عناصر البيانات ثابتة الطول - معلومات عامة | |
| حقل البيانات ثابتة الطول | 140319s9999 xx 000 0 ara d |
| 040 ## - مصدر الفهرسة | |
| وكالة الفهرسة الأصلية | GCL / |
| وكالة النسخ | GCL |
| 082 04 - رقم تصنيف ديوى العشرى | |
| رقم التصنيف | 234.2 |
| رقم المادة | ا ت |
| 100 1# - المدخل الرئيسى - إسم شخصى | |
| الإسم الشخصى | عبدالمعطى امين قلعجى |
| 245 10 - بيان العنوان | |
| العنوان | تاريخ الثقات / |
| بيان المسئوليه,etc | عبدالمعطى امين قلعجى |
| 700 1# - المدخل الاضافى - اسم شخصى | |
| الإسم الشخصى | احمد بن عبدالله بن صالح |
| 700 1# - المدخل الاضافى - اسم شخصى | |
| الإسم الشخصى | نورالدين على بن ابى بكر |
| 260 ## - PUBLICATION, DISTRIBUTION, ETC. (IMPRINT) | |
| تاريخ النشر أو التوزيع | 1984 |
| 300 ## - الوصف المادى | |
| التعداد | 551 ص |
| 490 ## - بيان السلسلة | |
| عنوان السلسلة | |
| 260 ## - PUBLICATION, DISTRIBUTION, ETC. (IMPRINT) | |
| -- | [S.N] : |
| -- | دار الكتب العلمية للنشر والتوزيع ، |
| حالة التراجع | حالة الفقد | حالة تلف | ليس للاعارة | المكان المؤقت | الموقع الحالى | تاريخ الاكتساب | اجمالي اﻻعارات | رقم الطلب | الباركود | تاريخ اخر مشاهدة | تاريخ تفعيل السعر | نوع وعاء كوها |
|---|---|---|---|---|---|---|---|---|---|---|---|---|
| مكتبة القاهرة الكبرى | مكتبة القاهرة الكبرى | 03/26/2014 | 234.2\ا ت | 120759 | 03/26/2014 | 03/26/2014 | كتاب |

